000 00864nam0a22002531 4500
001 rc\2571285
005 20260407130914.0
035 _a(NLR Aleph) 006736016
090 _a5594324
_c5594324
100 _a20110914d1928 |||y0rusy50 ca
101 0 _arus
102 _aRU
105 _ay z |||||
200 1 _aЕдиный сельхозналог на 1928-1929 год...
210 _aПермь
_cгаз. "Страда"
_d[1928]
_gтип. изд-ва "Звезда"
215 _a32 с.
_d17х13 см.
300 _aБеспл. прилож. к газ. "Страда"
300 _aБез тит. листа. Описано по обложке
742 1 _aСССР
_tЗаконы и постановления
_3RU\NLR\AUTH\889980004
_9456309
801 0 _aRU
_bNLR
_gpsbo
801 1 _aRU
_bELAR
_2rusmarc
852 _aNLR
_j62/1448
942 _cBOOK
980 _aNB